| 000 | 00670nam a22002297a 4500 | ||
|---|---|---|---|
| 001 | 30722 | ||
| 003 | UA-OsUOA | ||
| 005 | 20220702121002.0 | ||
| 007 | ta | ||
| 008 | 20041115b un ||||| |||| 00| 0 ukr d | ||
| 040 |
_aUA-OsUOA _brus _cUA-OsUOA _dUA-OsUOA |
||
| 041 | _arus | ||
| 044 | _aRU | ||
| 080 | _a82.09 | ||
| 090 |
_a82.09 _bЛ64 |
||
| 245 |
_aЛитературные манифесты западноевропейских романтиков _cред. А. С. Дмитриев ; рец. А. Б. Ботников |
||
| 260 |
_aМосква _bИзд-во Моск. ун-та _c1980 |
||
| 300 | _a639 с. | ||
| 650 | 7 | _2UDC | |
| 942 |
_cBK _2udc |
||
| 955 | _a0 | ||
| 999 |
_c317136 _d317136 |
||